Misión de la universidad y otros ensayos afines / (Record no. 18317)

000 -CABECERA
fixed length control field 00929nam a22002417a 4500
003 - IDENTIFICADOR DEL NÚMERO DE CONTROL
control field AR-CdUCM
008 - DATOS DE LONGITUD FIJA--INFORMACIÓN GENERAL
fixed length control field 190502b ||||| |||| 00| 0 spa d
040 ## - FUENTE DE LA CATALOGACIÓN
Agencia/entidad que catalogó originalmente la obra MUNICIPALIDAD PROVINCIAL DEL CUSCO
Entidad que transcribió la catalogación BIBLIOTECA MUNICIPAL DEL CUSCO
082 ## - NÚMERO DE LA CLASIFICACIÓN DECIMAL DEWEY
No. de la edición 4ed.
No. de Clasificación 129.66 /
Notacion interna O77
100 ## - ENTRADA PRINCIPAL--NOMBRE DE PERSONA
Nombre Personal Ortega y Gasset, José
245 ## - MENCIÓN DE TÍTULO
Título Misión de la universidad y otros ensayos afines /
260 ## - PUBLICACIÓN, DISTRIBUCIÓN, ETC.
Lugar de publicación, distribución, etc. Madrid :
Nombre de la editorial, distribuidor, etc. Revista de Occidente,
Fecha de publicación, distribución, etc. 1965.
300 ## - DESCRIPCIÓN FÍSICA
Nº de Páginas Extensión 184 paginas ;
Dimensiones 19 cm.
505 ## - NOTA DE CONTENIDO CON FORMATO
Nota de contenido formateada Contenido : Misión de la universidad -- La cuestión fundamental -- Cultura y ciencia -- Otros ensayos afines...
650 ## - PUNTO DE ACCESO ADICIONAL DE MATERIA--TÉRMINO DE MATERIA
Descriptor Reforma universitaria
9 (RLIN) 1992
650 ## - PUNTO DE ACCESO ADICIONAL DE MATERIA--TÉRMINO DE MATERIA
Descriptor Educación superior
9 (RLIN) 2963
650 ## - PUNTO DE ACCESO ADICIONAL DE MATERIA--TÉRMINO DE MATERIA
Descriptor Universidades y escuelas superiores
9 (RLIN) 31235
650 ## - PUNTO DE ACCESO ADICIONAL DE MATERIA--TÉRMINO DE MATERIA
Descriptor Educación y cultura
9 (RLIN) 9103
650 ## - PUNTO DE ACCESO ADICIONAL DE MATERIA--TÉRMINO DE MATERIA
Descriptor Educación superior y ciencia
9 (RLIN) 35410
710 ## - PUNTO DE ACCESO ADICIONAL--NOMBRE DE ENTIDAD CORPORATIVA
Nombre corporativo (En letras Mayúsculas) Revista de Occidente
9 (RLIN) 35411
942 ## - ELEMENTOS DE PUNTO DE ACCESO ADICIONAL (KOHA)
Fuente de clasificación
Tipo de item Libros-BMC
945 ## - PROCESAMIENTO DE INFORMACIÓN LOCAL (OCLC)
Catalogador wnts
AAAA-MM-DD - Fecha de ingreso o modificacion 2019-05-13
Holdings
Estado de retiro (separado) Fuente de clasificación o esquema de estanterías Estado dañado Ubicación Sala donde se ubica Nombre de la colección Fecha de adquisición o compra Costo, precio normal en soles Signatura topográfica Código de Barras Última vez visto (Koha) Tipo de ítem (Koha)
No     Sala Humanidades Sala Humanidades Book Cart 2019-05-13 35.00 129.66 / O77 SH0000013408 2019-05-13 Libros-BMC

Powered by Koha